日本で発生した法定伝染病サドンデス - Statistics

General Stats
  • This quiz has been taken 15 times
  • The average score is 5 of 21
Answers on the Grid
Answers color-coded by a green-red scale on the quiz's grid according to % correct below.
牛疫
牛肺疫
口蹄疫
流行性脳炎
狂犬病
水疱性口内炎
リフトバレー熱
炭疽
出血性敗血症
ブルセラ症
結核
ヨーネ病
ピロプラズマ症
アナプラズマ症
伝達性海綿状脳症
鼻疽
馬伝染性貧血
アフリカ馬疫
小反芻獣疫
豚熱
アフリカ豚熱
豚水疱病
家きんコレラ
高病原性鳥インフルエンザ
低病原性鳥インフルエンザ
ニューカッスル病
家きんサルモネラ症
腐蛆病
 
Answer Stats
Answer % Correct
結核
77%
狂犬病
62%
高病原性鳥インフルエンザ
46%
低病原性鳥インフルエンザ
46%
口蹄疫
38%
炭疽
23%
伝達性海綿状脳症
23%
豚熱
23%
家きんサルモネラ症
23%
牛疫
15%
流行性脳炎
15%
ブルセラ症
15%
ピロプラズマ症
15%
馬伝染性貧血
15%
家きんコレラ
15%
牛肺疫
8%
ヨーネ病
8%
アナプラズマ症
8%
豚水疱病
8%
ニューカッスル病
8%
腐蛆病
8%
No matching quizzes found
Score Distribution
Percent of People with Each Score
Percentile by Number Answered
Your Score History
You have not taken this quiz